ბათუმის შოთა რუსთაველის სახელმწიფო უნივერსიტეტის ბიბლიოთეკა

სისხლის სამართალი = Strafrecht : ზოგადი ნაწილის მიმოხილვა : (ბიბ.ჩანაწერი № 49575)

000 -ლიდერი
ფიქსირებული სიგრძის საკონტროლო ველი 01702nam a2200301Ia 4500
001 - საკონტროლო ნომერი
საკონტროლო ველი 16507
003 - საკონტროლო ნომრის იდენტიფიკატორი
საკონტროლო ველი GE_BSU
005 - ბოლო ოპერაციის თარიღი და დრო
საკონტროლო ველი 20241227163306.0
008 - ფიქსირებული სიგრძის მონაცემთა ელემენტები - ზოგადი ინფორმაცია
ფიქსირებული სიგრძის საკონტროლო ველი 181216s2013||||ge |||||||||||||| ||geo||
020 ## - წიგნის საერთაშორისო სტანდარტული ნომერი
International Standard Book Number 9789941107290
040 ## - კატალოგიზაციის წყარო
Transcribing agency GE_BSU
041 ## - ენის კოდი
Language code of text/sound track or separate title geo
080 ## - უნივერსალური ათობითი კლასიფიკაციის ინდექსი
Universal Decimal Classification number 343.23 ტ-92
100 ## - მთავარი ჩანაწერი - პიროვნების სახელი
Personal name ტურავა, მერაბ
9 (RLIN) 9269
245 ## - ცნობა სათაურის შესახებ
Title სისხლის სამართალი = Strafrecht : ზოგადი ნაწილის მიმოხილვა :
Remainder of title თანდართული ტესტების ნიმუშებითა და კაზუსის ამოხსნის მეთოდის გამოყენებით /
Statement of responsibility, etc მერაბ ტურავა ; რედ. ლავრენტი მაღლაკელიძე.
250 ## - გამოცემის ცნობა
Edition statement მე-9 გამოცემა
264 ## - წარმოების, გამოცემის, დისტრიბუციის და სხვა ცნობები
გამოცემის, წარმოების, დისტრიბუციის... ადგილი თბილისი :
გამოცემის, წარმოების, დისტრიბუციის... სახელწოდება მერიდიანი,
გამოცემის, წარმოების, დისტრიბუციის... თარიღი 2013.
300 ## - ფიზიკური აღწერა
Extent 546 გვ. ;
Dimensions 24 სმ.
500 ## - ზოგადი შენიშვნა
General note საძიებლები : გვ. 526-545
520 ## - SUMMARY, ETC.
Summary, etc პარალელ. თავფურ. გერმანულ ენაზე
653 ## - INDEX TERM--UNCONTROLLED
Uncontrolled term ზოგადი ნაწილის მიმოხილვა
653 ## - INDEX TERM--UNCONTROLLED
Uncontrolled term თანდართული ტესტების ნიმუშებითა და კასუსის ამოხსნის მეთოდის გამოყენებით
653 ## - INDEX TERM--UNCONTROLLED
Uncontrolled term სამართალი
653 ## - INDEX TERM--UNCONTROLLED
Uncontrolled term სისხლის სამართალი
700 ## - ADDED ENTRY--PERSONAL NAME
Personal name მაღლაკელიძე, ლავრენტი
Relator term რედაქტორი
9 (RLIN) 12277
942 ## - ADDED ENTRY ELEMENTS (KOHA)
Koha item type წიგნი
Source of classification or shelving scheme
ეგზემპლარები
ჩამოწერის სტატუსი დაკარგული ეგზემპლარის სტატუსი კლასიფიკაციის წყარო ან თაროზე გაწყობის სქემა დაზიანების სტატუსი არ გაიცემა მუდმივი მდებარეობა (დაცვის ადგილი) ამჟამინდელი ადგილსამყოფელი თაროზე განთავსების ადგილი შეძენის თარიღი ღირებულება, შესყიდვის ნორმალური ფასი სრული შენახვის შიფრი შტრიხკოდი ბოლო ოპერაციის თარიღი ეგზემპლარის მიმდევრობითი ნომერი (კეტერი?) ფასის ძალაში შესვლის თარიღი ეგზემპლარის სახეობა საჯარო შენიშვნა
          ბათუმის შოთა რუსთაველის სახელმწიფო უნივერსიტეტის მთავარი ბიბლიოთეკა ბათუმის შოთა რუსთაველის სახელმწიფო უნივერსიტეტის მთავარი ბიბლიოთეკა წიგნსაცავი 2018-12-17 31.00 343.23 ტ-92 27598 2018-12-17 27598 2018-12-17 წიგნი 31.00₾.